内側に通過線がある2面4線の新幹線駅サドンデス - Statistics

General Stats
  • This quiz has been taken 422 times
  • The average score is 4 of 25
Answers on the Grid
Answers color-coded by a green-red scale on the quiz's grid according to % correct below.
新花巻
北上
水沢江刺
一ノ関
くりこま高原
古川
白石蔵王
郡山(福島県)
新白河
那須塩原
宇都宮
小山
熊谷
本庄早稲田
上毛高原
浦佐
長岡
燕三条
安中榛名
軽井沢
佐久平
上田
新高岡
小松
加賀温泉
芦原温泉
越前たけふ
小田原
熱海
三島
新富士(静岡県)
静岡
掛川
浜松
豊橋
三河安城
岐阜羽島
米原
西明石
姫路
相生(兵庫県)
新倉敷
福山
新尾道
三原
東広島
新岩国
徳山
厚狭
新下関
 
Answer Stats
Answer % Correct
静岡
32%
小田原
30%
浜松
28%
新富士(静岡県)
26%
掛川
26%
一ノ関
25%
宇都宮
22%
三河安城
21%
本庄早稲田
16%
西明石
15%
古川
13%
新白河
13%
新尾道
13%
厚狭
13%
東広島
12%
徳山
12%
上毛高原
11%
相生(兵庫県)
11%
新倉敷
11%
福山
11%
三原
7%
浦佐
6%
越前たけふ
6%
長岡
5%
加賀温泉
4%
No matching quizzes found
Score Distribution
Percent of People with Each Score
Percentile by Number Answered
Your Score History
You have not taken this quiz